Countries with the most fruit - Statistics

General Stats
  • This quiz has been taken 11 times
  • The average score is 22 of 26
Answer Stats
Tons of fruit Answer % Correct
39.8 million Brazil
100%
242.8 million China
100%
10.7 million Colombia
100%
14.7 million Egypt
100%
8.9 million France
100%
114 million India
100%
22.7 million Indonesia
100%
23.8 million Mexico
100%
7.36 million Peru
100%
10.1 million Thailand
100%
17.8 Million Italy
90%
7.5 million South africa
90%
19.5 million Spain
90%
24.2 million Turkey
90%
24 million United States of America
90%
10.6 million Vietnam
90%
7.06 million Algeria
80%
7.44 million Argentina
80%
6.89 million DR congo
80%
19.1 million Iran
80%
9.8 million Pakistan
80%
11.5 million Nigeria
70%
7.6 million Ecuador
60%
16.5 million Philippines
60%
6.9 million Guatemala
50%
7.46 million Uganda
30%
No matching quizzes found
Score Distribution
Percent of People with Each Score
Percentile by Number Answered
Your Score History
You have not taken this quiz